| 000 | 00585nam a22001817a 4500 | ||
|---|---|---|---|
| 003 | CEME | ||
| 005 | 20210628203156.0 | ||
| 008 | 210419b xxu||||| |||| 00| 0 eng d | ||
| 020 | _a0-19-282656-5 | ||
| 040 | _c. | ||
| 082 | _a828.80 KIP'W | ||
| 100 |
_aKipling, Rudyard _927956 |
||
| 245 | _aWar stories and poems | ||
| 260 |
_aRAWALPINDI _bARMY EDUCATION PRESS _c1990 |
||
| 300 | _a364P | ||
| 650 |
_aWAR POETRY ENGLISH WAR STORIES ENGLISH WORLD WAR 1914-1918 LITERACY COLLECTION SOUTH AFRICAN WAR 1899-1902 LITERRY COLLECTION WAR LITERACY COLLECTIONS _963775 |
||
| 942 |
_cBK _2ddc |
||
| 999 |
_c572495 _d572495 |
||